000 00690cab a2200277 4500
001 ABS51236
008 090401t1994 xxu||||| |||| 00| 0 eng d
035 _a(Sirsi) u16365
041 _aeng
245 _aEstates Times survey : Northamptonshire
260 _c1994
350 _a0
490 _aEstates Times
_v(1247) 2 September 1994, 9-25(16)
650 _aA1
650 _aACT TECH UK
650 _aDAVENTRY
650 _aKETTERING
650 _aM1
650 _aNORTHAMPTON
650 _aNORTHANPTONSHIRE
650 _aRUSHDEN
650 _aWELLINGBOROUGH
690 _aPROPERTY-COMMERCIAL PROPERTY-COMMERCIAL PROPERTY MARKET
942 _n0
948 _c04/03/1997
999 _c10763
_d10763